Alle 18 Städte Deutschlands mit i - Statistiken

Allgemein
  • Dieses Quiz wurde 58 mal gespielt
    41 seit der letzten Aktualisierung
  • Das Durchschnittsergebnis liegt bei 5 aus 18
Antwortstatistiken
Landkreis Stadt % Korrekt
\ (kreisfrei) Ingolstadt
88%
I*m-Kreis Ilmenau
59%
Märkischer Kreis Iserlohn
56%
Birkenfeld Idar-Oberstein
50%
Steinfurt Ibbenbüren
41%
Neu-Ulm Illertissen
38%
Mainz-Bingen Ingelheim
38%
Oberallgäu Immenstadt
34%
Ravensburg Isny
34%
Steinburg Itzehoe
28%
Harz Ilsenburg
19%
Rheingau-Taunus-Kreis Idstein
16%
Borken Isselburg
13%
Kitzingen Iphofen
9%
Günzburg Ichenhausen
6%
Schwäbisch Hall Ilshofen
6%
Kassel Immenhausen
6%
Hohenlohekreis Ingelfingen
6%
Keine übereinstimmenden Quizze gefunden
Verteilung der Resultate
Anzahl Personen mit jedem Resultat
Perzentil nach korrekt beantworteten Fragen
Ihre Resultats-Entwicklung
Sie haben dieses Quiz seit der letzten Aktualisierung nicht gespielt